000 00777nam a22001937a 4500
005 20251030100506.0
008 251021b |||||||| |||| 00| 0 eng d
020 _a9786214093120
082 _aDFil 302.2 B223 2025
100 _aBandril, Gladys Rose de Leon.
_968945
245 _aCommunicate to create :
_bredefining purposive communication in the AI age /
_cGladys Rose de Leon Bandril and Jeanette R. Tuballes; Rizal Osianas Dapat, consultant.
260 _aQuezon City :
_b Books ATBP Publishing Corp,
_c©2025.
300 _ax, 232 pages :
_billustrations ;
_c21 cm.
500 _aIncludes references.
650 0 _aCommunication.
_969055
700 _aTuballes, Jeanette R.
_968946
_eauthor.
700 _aDapat, Rizal Osianas,
_968947
_econsultant.
942 _2ddc
_cDFIL
999 _c24090
_d24090